<?xml version="1.0" encoding="UTF-8"?>
<record
    xmlns:xsi="http://www.w3.org/2001/XMLSchema-instance"
    xsi:schemaLocation="http://www.loc.gov/MARC21/slim http://www.loc.gov/standards/marcxml/schema/MARC21slim.xsd"
    xmlns="http://www.loc.gov/MARC21/slim">

  <leader>00724cam a2200205 a 4500</leader>
  <controlfield tag="003">CDMRt</controlfield>
  <controlfield tag="005">20140410173935.0</controlfield>
  <controlfield tag="008">140311s2014    spca|||  |||| 000 0 spa c</controlfield>
  <datafield tag="017" ind1=" " ind2=" ">
    <subfield code="a">DL B. 583-2014</subfield>
    <subfield code="b">Biblioteca de Catalunya</subfield>
  </datafield>
  <datafield tag="020" ind1=" " ind2=" ">
    <subfield code="a">9788423418060</subfield>
  </datafield>
  <datafield tag="040" ind1=" " ind2=" ">
    <subfield code="a">ES-BaBC</subfield>
    <subfield code="b">cat</subfield>
    <subfield code="c">CDMR</subfield>
  </datafield>
  <datafield tag="100" ind1="1" ind2=" ">
    <subfield code="a">Alcat, Enrique</subfield>
    <subfield code="9">4557</subfield>
  </datafield>
  <datafield tag="245" ind1="1" ind2="3">
    <subfield code="a">La Tormenta perfecta</subfield>
    <subfield code="b">: diez casos de crisis que conmovieron Espa&#xF1;a : c&#xF3;mo se gestionaron y c&#xF3;mo debieron resolverse </subfield>
    <subfield code="c">Enrique Alcat</subfield>
  </datafield>
  <datafield tag="260" ind1=" " ind2=" ">
    <subfield code="a">Barcelona </subfield>
    <subfield code="b">Deusto</subfield>
    <subfield code="c">2014</subfield>
  </datafield>
  <datafield tag="300" ind1=" " ind2=" ">
    <subfield code="a">193 p. </subfield>
    <subfield code="b">il. </subfield>
    <subfield code="c">22 cm</subfield>
  </datafield>
  <datafield tag="650" ind1=" " ind2="4">
    <subfield code="a">Gabinets de premsa</subfield>
    <subfield code="9">3333</subfield>
  </datafield>
  <datafield tag="650" ind1=" " ind2="7">
    <subfield code="a">Comunicaci&#xF3; en la pol&#xED;tica</subfield>
    <subfield code="z">Espanya</subfield>
    <subfield code="2">lemac</subfield>
    <subfield code="9">3324</subfield>
  </datafield>
  <datafield tag="650" ind1=" " ind2="4">
    <subfield code="a">Comunicaci&#xF3; en l'administraci&#xF3;</subfield>
    <subfield code="9">3870</subfield>
  </datafield>
  <datafield tag="942" ind1=" " ind2=" ">
    <subfield code="c">MON</subfield>
  </datafield>
  <datafield tag="999" ind1=" " ind2=" ">
    <subfield code="c">6720</subfield>
    <subfield code="d">6720</subfield>
  </datafield>
  <datafield tag="952" ind1=" " ind2=" ">
    <subfield code="0">0</subfield>
    <subfield code="1">0</subfield>
    <subfield code="4">0</subfield>
    <subfield code="7">0</subfield>
    <subfield code="a">CDMR</subfield>
    <subfield code="b">CDMR</subfield>
    <subfield code="d">2014-04-10</subfield>
    <subfield code="e">Intercanvi</subfield>
    <subfield code="g">17.95</subfield>
    <subfield code="l">14</subfield>
    <subfield code="m">11</subfield>
    <subfield code="o">Cm 3/33</subfield>
    <subfield code="p">CDMR1404301220</subfield>
    <subfield code="r">2019-12-12</subfield>
    <subfield code="s">2019-09-26</subfield>
    <subfield code="v">17.95</subfield>
    <subfield code="w">2014-04-10</subfield>
    <subfield code="y">MON</subfield>
  </datafield>
</record>
